000 00655nam a2200169Ia 4500
999 _c2733
_d2733
003 DO-SdBJH
005 20180417025517.0
008 180414s9999 dr 000 0 spa d
040 _aDO-SdBJH
_bspa
_cDO-SdBJH
090 _aDM ST 100-7 2006
110 _aInstituto de Cooperación para la Seguridad Hemisférica
245 1 0 _aST 100-7 Extracto libro de batalla de las fuerzas contrarias / Instituto de Cooperación para la Seguridad Hemisférica
260 _aFuerte Benning, Georgia : Cuartel General Secretaría del Ejército, 1999
300 _av, 81 páginas en varias paginaciones
650 4 _aBatallas -- Fuerzas contrarias
942 _2ddc
_cBK